000 00646nam a2200253Ia 4500
003 OSt
005 20221006145616.0
006 a|||||r|||| 00| 0
007 ta
008 221006b |||||||| |||| 00| 0 eng d
020 _cP10.95(each)
024 _a15,437
037 _cTextual
040 _aEASL
_cEASL
_beng
041 _2eng
_aeng
082 _aV41:191.N7, L8
100 _aYAHUDA Michael B
245 0 _aChina's role in world affairs
260 _aLondon
_bCroom Helm
_c1978
300 _a298p.
_ccm.
490 _v TB
942 _hV41:191.N7, L8
_cTEXL
_2CC
999 _c1083523
_d1083523